[Event "POL-chT U19 2nd League"]
[Site "Iwonicz"]
[Date "2015.08.01"]
[Round "7.20"]
[White "Blaszczak, Jedrzej"]
[Black "Marko, Piotr"]
[Result "1-0"]
[WhiteElo "1620"]
[BlackElo "1737"]
[PlyCount "41"]
[EventDate "2015.07.25"]
[EventType "team-swiss"]
[EventRounds "11"]
[EventCountry "POL"]
[SourceTitle "EXT 2019"]
[Source "ChessBase"]
[SourceDate "2018.10.10"]
[SourceVersion "1"]
[SourceVersionDate "2018.10.10"]
[SourceQuality "1"]
[WhiteTeam "Gliwice Carbo U19"]
[BlackTeam "Wroclaw MUKS MDK Fabryczna U19"]
[WhiteTeamCountry "POL"]
[BlackTeamCountry "POL"]

1. e4 e5 2. Nf3 Nc6 3. Nc3 Nf6 4. Bb5 Bb4 5. 0-0 0-0 6. d3 d6 7. Bg5 Bxc3 8. bxc3 h6 9. Bh4 Bg4 10. h3 Bh5 11. g4 Bg6 12. Re1 Re8 13. Qd2 h5 14. Bg5 hxg4 15. Nh4 Qd7 16. Bxf6 gxf6 17. Qh6 gxh3 18. Kh1 Qe7 19. Bc4 d5 20. Bxd5 Bh7 21. Rg1+ 1-0

[Event "POL-chT U19 2nd League"]
[Site "Iwonicz"]
[Date "2015.08.01"]
[Round "10.38"]
[White "Drozniak, Stanislaw"]
[Black "Blaszczak, Jedrzej"]
[Result "1-0"]
[WhiteElo "1899"]
[BlackElo "1620"]
[PlyCount "133"]
[EventDate "2015.07.25"]
[EventType "team-swiss"]
[EventRounds "11"]
[EventCountry "POL"]
[SourceTitle "EXT 2019"]
[Source "ChessBase"]
[SourceDate "2018.10.10"]
[SourceVersion "1"]
[SourceVersionDate "2018.10.10"]
[SourceQuality "1"]
[WhiteTeam "Jastrzebie Zdroj Pionier U19"]
[BlackTeam "Gliwice Carbo U19"]
[WhiteTeamCountry "POL"]
[BlackTeamCountry "POL"]

1. e4 g6 2. d4 Bg7 3. Nc3 c6 4. f4 d5 5. Nf3 dxe4 6. Nxe4 Bg4 7. c3 Nd7 8. Bc4 Bxf3 9. Qxf3 Nb6 10. Bb3 e6 11. f5 gxf5 12. 0-0 Qe7 13. Qg3 Bf6 14. Nd6+ Kf8 15. Bf4 Bh4 16. Qh3 Nd5 17. Bxd5 cxd5 18. Nb5 Kg7 19. Be5+ f6 20. Bd6 Qd7 21. Qxh4 Qxb5 22. Rf3 h5 23. Re1 Re8 24. b3 Qd7 25. Ba3 b5 26. Rh3 Ne7 27. Qg3+ Kf7 28. Qf3 h4 29. Bxe7 Qxe7 30. Qf2 Qc7 31. Rc1 Qb8 32. Rxh4 Rxh4 33. Qxh4 Rh8 34. Qg3 Qxg3 35. hxg3 Rg8 36. c4 bxc4 37. bxc4 Rc8 38. c5 e5 39. Kf2 Ke7 40. Ke3 Rb8 41. Rh1 Rb4 42. Rh7+ Ke6 43. Rxa7 exd4+ 44. Kd3 Rc4 45. Ra6+ Ke5 46. c6 Rc3+ 47. Kd2 f4 48. gxf4+ Kxf4 49. c7 f5 50. Ra7 Ke4 51. a4 Rc4 52. a5 d3 53. Rb7 Rc2+ 54. Kd1 Ke3 55. c8Q Rxc8 56. Re7+ Kd4 57. a6 Kc3 58. a7 d4 59. Rb7 Rh8 60. Rc7+ Kb4 61. Kd2 Rg8 62. Rb7+ Kc5 63. Rb8 Rxg2+ 64. Kxd3 Rg3+ 65. Ke2 Re3+ 66. Kd2 Kc4 67. Rc8+ 1-0

[Event "POL-chT U19 2nd League"]
[Site "Szczyrk"]
[Date "2014.08.02"]
[Round "11.86"]
[White "Blaszczak, Jedrzej"]
[Black "Kucza, Jan"]
[Result "1-0"]
[WhiteElo "1569"]
[BlackElo "1460"]
[PlyCount "119"]
[EventDate "2014.07.25"]
[EventType "team-swiss"]
[EventRounds "11"]
[EventCountry "POL"]
[SourceTitle "EXT 2015"]
[Source "ChessBase"]
[SourceDate "2014.11.20"]
[SourceVersion "1"]
[SourceVersionDate "2014.11.20"]
[SourceQuality "1"]
[WhiteTeam "Gliwice Carbo U19"]
[BlackTeam "Rybnik MKSz U19 II"]
[WhiteTeamCountry "POL"]
[BlackTeamCountry "POL"]

1. e4 c5 2. Nf3 Nc6 3. d4 cxd4 4. Nxd4 Nf6 5. Nc3 e6 6. Ndb5 Bb4 7. a3 Bxc3+ 8. Nxc3 d5 9. exd5 exd5 10. Bd3 0-0 11. 0-0 Ne5 12. Bg5 Bg4 13. Qd2 d4 14. Ne2 Nxd3 15. Qxd3 Bxe2 16. Qxe2 Re8 17. Qf3 Re6 18. Rad1 h6 19. Bxf6 Rxf6 20. Qxb7 Rb6 21. Qe4 Rxb2 22. Rxd4 Qc8 23. Rfd1 Rab8 24. c4 Ra2 25. R4d3 Qf8 26. Qe3 Re8 27. Qxa7 Ra8 28. Qxa8 Qxa8 29. Rd8+ Qxd8 30. Rxd8+ Kh7 31. Rd1 Rxa3 32. Rc1 Ra8 33. f3 Kg6 34. Kf2 Kf6 35. g4 Ra3 36. Kg3 Ke6 37. h4 g5 38. c5 Ra7 39. c6 Rc7 40. f4 f6 41. Rc5 Kf7 42. hxg5 hxg5 43. fxg5 fxg5 44. Kf3 Kf6 45. Ke4 Ke7 46. Ke5 Rc8 47. Kf5 Kd6 48. Rc1 Kc7 49. Kxg5 Rg8+ 50. Kf5 Rf8+ 51. Ke6 Rg8 52. Rc4 Rg6+ 53. Kf5 Rg8 54. g5 Rf8+ 55. Kg6 Rf3 56. Kg7 Rg3 57. g6 Rh3 58. Rf4 Kxc6 59. Kf7 Kd7 60. g7 1-0

[Event "POL-chT U19 2nd League"]
[Site "Szczyrk"]
[Date "2014.07.31"]
[Round "9.86"]
[White "Blaszczak, Jedrzej"]
[Black "Wojciechowski, Antoni"]
[Result "0-1"]
[WhiteElo "1569"]
[BlackElo "1529"]
[PlyCount "56"]
[EventDate "2014.07.25"]
[EventType "team-swiss"]
[EventRounds "11"]
[EventCountry "POL"]
[SourceTitle "EXT 2015"]
[Source "ChessBase"]
[SourceDate "2014.11.20"]
[SourceVersion "1"]
[SourceVersionDate "2014.11.20"]
[SourceQuality "1"]
[WhiteTeam "Gliwice Carbo U19"]
[BlackTeam "Poznan UMKS Na Pieterku U19"]
[WhiteTeamCountry "POL"]
[BlackTeamCountry "POL"]

1. e4 c6 2. d4 d5 3. Nc3 dxe4 4. Nxe4 Bf5 5. Ng3 Bg6 6. h4 h6 7. Nf3 Qc7 8. h5 Bh7 9. Bd3 Bxd3 10. Qxd3 Nd7 11. Bd2 Ngf6 12. 0-0-0 0-0-0 13. Ne4 Ng4 14. Qe2 Ndf6 15. Nxf6 Nxf6 16. c4 e6 17. c5 Rd5 18. g3 Rxh5 19. Bf4 Qd8 20. Ne5 Rxh1 21. Nxf7 Rxd1+ 22. Kxd1 Qxd4+ 23. Ke1 Qe4 24. Nxh8 Qxe2+ 25. Kxe2 Bxc5 26. Be5 Kd7 27. Nf7 Ke7 28. Bxf6+ Kxf7 0-1

[Event "POL-chT U19 2nd League"]
[Site "Szczyrk"]
[Date "2014.07.29"]
[Round "7.80"]
[White "Blaszczak, Jedrzej"]
[Black "Wolniaczyk, Bartosz"]
[Result "0-1"]
[WhiteElo "1569"]
[BlackElo "1581"]
[PlyCount "44"]
[EventDate "2014.07.25"]
[EventType "team-swiss"]
[EventRounds "11"]
[EventCountry "POL"]
[SourceTitle "EXT 2015"]
[Source "ChessBase"]
[SourceDate "2014.11.20"]
[SourceVersion "1"]
[SourceVersionDate "2014.11.20"]
[SourceQuality "1"]
[WhiteTeam "Gliwice Carbo U19"]
[BlackTeam "Wielun UKS Piatka U19"]
[WhiteTeamCountry "POL"]
[BlackTeamCountry "POL"]

1. e4 d5 2. exd5 Qxd5 3. Nc3 Qa5 4. d4 Nf6 5. Nf3 Bg4 6. h3 Bh5 7. g4 Bg6 8. Ne5 Nbd7 9. Nxd7 Nxd7 10. Bg2 c6 11. Bd2 e6 12. h4 h6 13. Qe2 0-0-0 14. 0-0-0 Bb4 15. Kb1 Nb6 16. Ne4 Rxd4 17. c3 Nc4 18. cxb4 Qd5 19. Kc1 Nxd2 20. Nc3 Qxa2 21. Be4 Bxe4 22. Nxe4 Qb1# 0-1